[Event "September Lviv Tradition (IM-group B)"]
[Site "Lviv"]
[Date "2017.09.28"]
[Round "5.5"]
[White "Bogdanov, Egor"]
[Black "Polulikh, Bogdan"]
[Result "1/2-1/2"]
[WhiteElo "2328"]
[BlackElo "2165"]
[PlyCount "80"]
[EventDate "2017.??.??"]
[EventType "tourn (corr)"]
[EventRounds "10"]

1. e4 e5 2. Nf3 Nf6 3. Nc3 Bb4 4. Bc4 O-O 5. O-O d6 6. d3 h6 7. Ne2 Nc6 8. c3
Ba5 9. b4 Bb6 10. a4 a5 11. b5 Ne7 12. Ng3 Ng6 13. d4 exd4 14. cxd4 d5 15. exd5
Nxd5 16. Ne5 Nxe5 17. dxe5 Be6 18. Qb3 Bd4 19. Bb2 Bxb2 20. Qxb2 Nb6 21. Be2
Qh4 22. f4 Rfd8 23. Qc3 Nd5 24. Qf3 f5 25. exf6 Qxf6 26. Rad1 Nc3 27. Rxd8+
Rxd8 28. Qxb7 Qd4+ 29. Kh1 Nxe2 30. Nxe2 Qc4 31. Qf3 Rd2 32. Re1 Bd5 33. Qe3
Qc2 34. f5 Kh7 35. f6 gxf6 36. Qe7+ Kg8 37. Ng3 Rd1 38. Qe8+ Kh7 39. Qd7+ Kh8
40. Qe8+ Kh7 1/2-1/2

[Event "September Lviv Tradition (IM-group B)"]
[Site "Lviv"]
[Date "2017.09.29"]
[Round "6.1"]
[White "Mosesov, Danylo"]
[Black "Polulikh, Bogdan"]
[Result "1-0"]
[WhiteElo "2040"]
[BlackElo "2165"]
[PlyCount "75"]
[EventDate "2017.??.??"]
[EventType "tourn (corr)"]
[EventRounds "10"]

1. d4 d5 2. c4 c6 3. Nf3 Nf6 4. Nbd2 g6 5. g3 Bg7 6. Bg2 O-O 7. O-O a5 8. b3 a4
9. Bb2 Ne4 10. Nxe4 dxe4 11. Ne1 c5 12. Nc2 Nc6 13. e3 f5 14. Qd2 axb3 15. axb3
Rxa1 16. Rxa1 Qb6 17. b4 Rd8 18. Ra8 Be6 19. dxc5 Qc7 20. Rxd8+ Qxd8 21. Qxd8+
Nxd8 22. Bxg7 Kxg7 23. Bf1 Bf7 24. Nd4 e5 25. Nb3 Kf6 26. Na5 Ke7 27. b5 Kd7
28. Nxb7 Ne6 29. Be2 Kc7 30. Nd6 Bg8 31. Ne8+ Kd8 32. Nf6 Bf7 33. c6 Kc7 34.
Nd7 Kd6 35. b6 Kxc6 36. Nxe5+ Kxb6 37. Nxf7 Kc5 38. h4 1-0

[Event "September Lviv Tradition (IM-group B)"]
[Site "Lviv"]
[Date "2017.09.29"]
[Round "6.2"]
[White "Punin, Andrii"]
[Black "Bogdanov, Egor"]
[Result "1/2-1/2"]
[WhiteElo "2252"]
[BlackElo "2328"]
[PlyCount "60"]
[EventDate "2017.??.??"]
[EventType "tourn (corr)"]
[EventRounds "10"]

1. d4 Nf6 2. c4 g6 3. Nc3 Bg7 4. e4 O-O 5. Be2 d6 6. Be3 e5 7. d5 a5 8. g4 Na6
9. g5 Nd7 10. h4 f5 11. gxf6 Qxf6 12. Nh3 Ndc5 13. h5 Bxh3 14. Rxh3 g5 15. h6
Bxh6 16. Qd2 Bg7 17. O-O-O h6 18. Bg4 Qg6 19. f3 Rf4 20. Qg2 a4 21. Kb1 a3 22.
b3 Nb4 23. Bxc5 dxc5 24. Ne2 Rd8 25. Ng3 Nc6 26. Nf5 Rxf5 27. Bxf5 Qf6 28. Qd2
Nd4 29. Bg4 Qb6 30. Rh2 Kf8 $11 1/2-1/2

[Event "September Lviv Tradition (IM-group B)"]
[Site "Lviv"]
[Date "2017.09.29"]
[Round "6.4"]
[White "Belunek, Vladimir"]
[Black "Lagashin, Pavel"]
[Result "1-0"]
[WhiteElo "2213"]
[BlackElo "2138"]
[PlyCount "87"]
[EventDate "2017.??.??"]
[EventType "tourn (corr)"]
[EventRounds "10"]

1. Nf3 c5 2. g3 Nf6 3. Bg2 d5 4. O-O g6 5. c4 Bg7 6. cxd5 Nxd5 7. Nc3 Nc7 8. d3
Nc6 9. Be3 Ne6 10. Nd2 Qd7 11. Qa4 Ncd4 12. Qxd7+ Bxd7 13. Bxb7 Rb8 14. Bg2
Rxb2 15. Rab1 Rc2 16. Rb8+ Nd8 17. Ndb1 O-O 18. Rc1 Rxc1+ 19. Bxc1 Bg4 20. Kf1
N8c6 21. Rxf8+ Kxf8 22. e3 Nb4 23. exd4 Nxd3 24. Ba3 Bxd4 25. Nb5 Bxf2 26. Be4
Bf5 27. Bxd3 Bxd3+ 28. Kxf2 Bxb5 29. Bxc5 a6 30. Nc3 Bc4 31. Ke3 Ke8 32. Kd4
Bf1 33. Nd5 Kd7 34. Bxe7 Ke6 35. Bd8 h5 36. h4 Kd7 37. Bf6 Kc6 38. a3 Bg2 39.
Nb4+ Kb5 40. Nd3 Bh3 41. Ke5 Bf5 42. Nf4 Bb1 43. Be7 Ba2 44. Nh3 1-0

[Event "September Lviv Tradition (IM-group B)"]
[Site "Lviv"]
[Date "2017.09.29"]
[Round "6.5"]
[White "Frolov, Artur"]
[Black "Shkuran, Danylo"]
[Result "1/2-1/2"]
[WhiteElo "2405"]
[BlackElo "2418"]
[PlyCount "62"]
[EventDate "2017.??.??"]
[EventType "tourn (corr)"]
[EventRounds "10"]

1. e4 e5 2. Nf3 Nc6 3. Bb5 a6 4. Bxc6 dxc6 5. d4 exd4 6. Qxd4 Qxd4 7. Nxd4 Bd7
8. Be3 Bd6 9. Nd2 O-O-O 10. O-O-O Ne7 11. Nc4 Ng6 12. Nxd6+ cxd6 13. f3 Rhe8
14. Rhe1 Ne5 15. b3 Kc7 16. a4 b5 17. axb5 axb5 18. Kb2 f6 19. Ra1 Ra8 20. Rxa8
Rxa8 21. Ra1 Rxa1 22. Kxa1 c5 23. Ne2 Be6 24. Kb2 Kc6 25. Kc3 b4+ 26. Kd2 Ng6
27. Nf4 Nxf4 28. Bxf4 Bf7 29. h4 Kd7 30. g4 Ke6 31. h5 Be8 $11 1/2-1/2

[Event "September Lviv Tradition (IM-group B)"]
[Site "Lviv"]
[Date "2017.09.29"]
[Round "7.1"]
[White "Shkuran, Danylo"]
[Black "Mosesov, Danylo"]
[Result "1/2-1/2"]
[WhiteElo "2418"]
[BlackElo "2040"]
[PlyCount "120"]
[EventDate "2017.??.??"]
[EventType "tourn (corr)"]
[EventRounds "10"]

1. Nf3 Nf6 2. g3 d5 3. Bg2 e6 4. O-O c5 5. d3 Nc6 6. Nbd2 Be7 7. e4 O-O 8. Re1
Qc7 9. Nf1 b5 10. Bf4 Qb6 11. e5 Nd7 12. h4 Re8 13. Ne3 c4 14. d4 Bf8 15. c3 a5
16. Ng5 h6 17. Nxf7 Kxf7 18. Nxd5 exd5 19. Bxd5+ Ke7 20. Qh5 Kd8 21. a4 Bb7 22.
axb5 Qxb5 23. Bf7 Re7 24. d5 Ncxe5 25. Bxe5 Nxe5 26. Rxe5 Rxe5 27. Qxe5 Qd7 28.
Be6 Qd6 29. Qe4 Qc7 30. Ra4 Bc5 $11 31. Kg2 Qb6 32. Rxc4 Ba6 33. d6 Ra7 34. Qh7
Qxd6 35. Qg8+ Kc7 36. Rg4 Kb6 37. Rg6 Bb7+ 38. Kh3 Bc6 39. Bf5 Qf8 40. Qd5 Rc7
41. Bd7 Qa8 42. b4 axb4 43. cxb4 Bxb4 44. Qd4+ Kb5 45. Qe5+ Kb6 46. Bxc6 Rxc6
47. Rxg7 Qc8+ 48. Kg2 Qf8 49. Rd7 Bc3 50. Qe4 Bb4 51. Rd4 Bc5 52. Rd2 Qf6 53.
Qb1+ Kc7 54. Qh7+ Kb6 55. Qg8 Qe5 56. Qd8+ Kb5 57. Qd3+ Kb6 58. Ra2 Rd6 59.
Ra6+ Kc7 60. Qh7+ Rd7 1/2-1/2

[Event "September Lviv Tradition (IM-group B)"]
[Site "Lviv"]
[Date "2017.09.29"]
[Round "7.2"]
[White "Lagashin, Pavel"]
[Black "Frolov, Artur"]
[Result "1/2-1/2"]
[WhiteElo "2138"]
[BlackElo "2405"]
[PlyCount "72"]
[EventDate "2017.??.??"]
[EventType "tourn (corr)"]
[EventRounds "10"]

1. d4 Nf6 2. c4 e6 3. Nc3 Bb4 4. Qc2 c5 5. dxc5 O-O 6. Nf3 Na6 7. a3 Bxc3+ 8.
Qxc3 Nxc5 9. b4 Nce4 10. Qc2 a5 11. b5 d5 12. Ng5 a4 13. Nxe4 Nxe4 14. e3 Qa5+
15. Bd2 Nxd2 16. Qxd2 dxc4 17. Bxc4 Bd7 18. Rb1 Rfc8 19. Rb4 Rc5 20. Qxd7 Rxc4
21. O-O Rxb4 22. axb4 Qa7 23. Rc1 Qb8 24. b6 g6 25. Qc7 Qxc7 26. bxc7 Rc8 27.
Kf1 a3 28. Ke2 Kf8 29. Kd3 Ke7 30. Ra1 Rxc7 31. Rxa3 Kd6 32. Rc3 Rxc3+ 33. Kxc3
Kd5 34. Kd3 f5 35. f3 e5 36. e4+ fxe4+ 1/2-1/2

[Event "September Lviv Tradition (IM-group B)"]
[Site "Lviv"]
[Date "2017.09.29"]
[Round "7.3"]
[White "Kagramanianz, Vartan"]
[Black "Belunek, Vladimir"]
[Result "1/2-1/2"]
[WhiteElo "2269"]
[BlackElo "2213"]
[PlyCount "86"]
[EventDate "2017.??.??"]
[EventType "tourn (corr)"]
[EventRounds "10"]

1. e4 e5 2. Nf3 Nc6 3. d4 exd4 4. Nxd4 Nf6 5. Nxc6 bxc6 6. Bd3 d5 7. exd5 cxd5
8. O-O Be7 9. Bf4 O-O 10. Nc3 c6 11. h3 Bd6 12. Qf3 Bxf4 13. Qxf4 Be6 14. Rfe1
Rb8 15. b3 Qa5 16. Na4 Rfd8 17. Qe5 h6 18. Re3 c5 19. Rg3 Kf8 20. f4 Ne8 21. f5
Bd7 22. f6 gxf6 23. Qe3 Bxa4 24. bxa4 Rb6 25. Bf5 d4 26. Qxh6+ Ke7 27. c3 Rd5
28. Rg8 Re5 29. cxd4 cxd4 30. Rf1 Re1 31. Bd3 Rxf1+ 32. Bxf1 Nd6 33. Qf4 Qe5
34. Rg4 Rb4 35. a5 Qxa5 36. Qd2 Qc5 37. Rg3 Ne4 38. Qe1 d3+ 39. Re3 d2 40. Qxd2
f5 41. Kh1 Rb1 42. Re1 Rxe1 43. Qxe1 Qe5 1/2-1/2

[Event "September Lviv Tradition (IM-group B)"]
[Site "Lviv"]
[Date "2017.09.29"]
[Round "7.4"]
[White "Bogdanov, Egor"]
[Black "Tokranovs, Dmitrijs"]
[Result "0-1"]
[WhiteElo "2328"]
[BlackElo "2334"]
[PlyCount "204"]
[EventDate "2017.??.??"]
[EventType "tourn (corr)"]
[EventRounds "10"]

1. e4 Nf6 2. e5 Nd5 3. d4 d6 4. Nf3 dxe5 5. Nxe5 c6 6. Nd2 Nd7 7. Ndf3 Nxe5 8.
Nxe5 Be6 9. c3 g6 10. h4 Bg7 11. Bd3 Qc7 12. Qe2 O-O-O 13. Bd2 c5 14. O-O cxd4
15. cxd4 Qb6 16. Rfc1+ Kb8 17. Rc5 Bxe5 18. Qxe5+ Qd6 19. Qe2 Nf4 20. Bxf4 Qxf4
21. Be4 b6 22. Bf3 Qxd4 23. Qa6 Bd5 24. Rxd5 Rxd5 25. Rd1 Qxd1+ 26. Bxd1 Rxd1+
27. Kh2 Rd5 28. Qa3 Re8 29. Qa4 Red8 30. Qf4+ e5 31. Qxf7 R8d7 32. Qe6 Kb7 33.
b4 a6 34. a4 a5 35. b5 Rd4 36. Kh3 Rc7 37. Qb3 e4 38. g3 Rb4 39. Qd5+ Ka7 40.
Qd8 Rb7 41. Qd1 e3 42. fxe3 Re7 43. Qd8 Rbe4 44. Qc8 Rb7 45. Qc2 Rxe3 46. Kg4
Re5 47. Kh3 Rc5 48. Qd3 Rbc7 49. Qd6 Rc4 50. Qd8 Rb7 51. Qd1 h5 52. Qb3 Rg4 53.
Qc2 g5 54. hxg5 Rxg5 55. Kh2 Rg4 56. Qf5 Rxa4 57. Qxh5 Rc4 58. Qd5 Rc2+ 59. Kh3
Rh7+ 60. Kg4 Rc5 61. Qd3 Rg7+ 62. Kf4 Rcg5 63. Qc3 Rg4+ 64. Ke5 Rxg3 65. Qc8
Rb7 66. Qc4 Rg5+ 67. Kf6 Rc5 68. Qd3 Rbc7 69. Ke6 Rc3 70. Qd1 Rh3 71. Kf6 Rh6+
72. Kg5 Re6 73. Kf5 Re3 74. Kf4 Rec3 75. Ke4 R3c5 76. Qb3 Rc4+ 77. Kd5 Rb4 78.
Qg3 Rxb5+ 79. Kd4 Rd7+ 80. Kc4 Rb4+ 81. Kc3 Rbd4 82. Qg8 a4 83. Kb2 Rd3 84. Qe6
Rc7 85. Qe4 a3+ 86. Kb1 Rcc3 87. Qa4+ Kb7 88. Qe4+ Kc7 89. Qe7+ Kc6 90. Qe4+
Kb5 91. Qe8+ Kc5 92. Qe5+ Kc4 93. Qe4+ Kb5 94. Qe8+ Rc6 95. Ka2 Rdc3 96. Qe2+
Ka5 97. Qe8 Rc2+ 98. Ka1 Ka4 99. Kb1 b5 100. Qa8+ Kb3 101. Qg8+ R6c4 102. Qg3+
R2c3 0-1

[Event "September Lviv Tradition (IM-group B)"]
[Site "Lviv"]
[Date "2017.09.29"]
[Round "7.5"]
[White "Polulikh, Bogdan"]
[Black "Punin, Andrii"]
[Result "1/2-1/2"]
[WhiteElo "2165"]
[BlackElo "2252"]
[PlyCount "60"]
[EventDate "2017.??.??"]
[EventType "tourn (corr)"]
[EventRounds "10"]

1. d4 Nf6 2. Nf3 d5 3. c4 e6 4. Nc3 Bb4 5. e3 O-O 6. Bd2 c5 7. a3 Bxc3 8. Bxc3
Ne4 9. cxd5 Qxd5 10. Rc1 Bd7 11. Be2 Nxc3 12. Rxc3 cxd4 13. Qxd4 Qxd4 14. Nxd4
Nc6 15. Bb5 Rfc8 16. Nxc6 bxc6 17. Ba4 Rcb8 18. Bxc6 Bxc6 19. Rxc6 Rxb2 20. O-O
Rab8 21. g3 g6 22. Rc7 Ra2 23. Rxa7 Rb3 24. a4 Rba3 25. Rd1 Rxa4 26. Rxa4 Rxa4
27. h4 h5 28. Kg2 Kg7 29. Rb1 Ra2 30. Rb7 Kf6 $11 1/2-1/2

[Event "September Lviv Tradition (IM-group B)"]
[Site "Lviv"]
[Date "2017.09.30"]
[Round "8.1"]
[White "Mosesov, Danylo"]
[Black "Punin, Andrii"]
[Result "1/2-1/2"]
[WhiteElo "2040"]
[BlackElo "2252"]
[PlyCount "63"]
[EventDate "2017.??.??"]
[EventType "tourn (corr)"]
[EventRounds "10"]

1. d4 Nf6 2. c4 e6 3. g3 d5 4. Nf3 Be7 5. Bg2 O-O 6. O-O dxc4 7. Ne5 Nc6 8.
Bxc6 bxc6 9. Nxc6 Qe8 10. Nxe7+ Qxe7 11. Qa4 e5 12. dxe5 Qxe5 13. Nc3 Qe6 14.
Bf4 Bb7 15. f3 Qb6+ 16. Kg2 Qe6 17. Rad1 Nd5 18. Nxd5 Bxd5 19. e4 Bc6 20. Qc2
f5 21. b3 fxe4 22. Qxc4 exf3+ 23. Kf2 Qxc4 24. bxc4 Rfe8 25. Rd2 Re4 26. Re1
Rxe1 27. Kxe1 Re8+ 28. Kf2 Re4 29. Kxf3 Rxc4+ 30. Ke3 Re4+ 31. Kf2 Re7 32. Rc2
$11 1/2-1/2

[Event "September Lviv Tradition (IM-group B)"]
[Site "Lviv"]
[Date "2017.09.30"]
[Round "8.2"]
[White "Tokranovs, Dmitrijs"]
[Black "Polulikh, Bogdan"]
[Result "1-0"]
[WhiteElo "2334"]
[BlackElo "2165"]
[PlyCount "65"]
[EventDate "2017.??.??"]
[EventType "tourn (corr)"]
[EventRounds "10"]

1. Nf3 d5 2. b3 Nf6 3. Bb2 g6 4. e3 Bg7 5. Be2 O-O 6. O-O c6 7. c4 Re8 8. d3
Nbd7 9. Nbd2 b6 10. Qc2 Bb7 11. Rac1 Rc8 12. Rfd1 e5 13. Qb1 Qe7 14. Qa1 e4 15.
dxe4 dxe4 16. Ng5 c5 17. Nh3 Nf8 18. Nf4 Ne6 19. Nxe6 Qxe6 20. a3 a5 21. Nb1
Red8 22. Nc3 Nd7 23. Nd5 Bxb2 24. Qxb2 Ne5 25. Nxb6 Qxb6 26. Qxe5 Qxb3 27. Bg4
Rd3 28. Rf1 Rcd8 29. Rb1 Qxc4 30. Rxb7 R3d5 31. Qf6 Rd2 32. h4 h5 33. Rxf7 1-0

[Event "September Lviv Tradition (IM-group B)"]
[Site "Lviv"]
[Date "2017.09.30"]
[Round "8.3"]
[White "Belunek, Vladimir"]
[Black "Bogdanov, Egor"]
[Result "1-0"]
[WhiteElo "2213"]
[BlackElo "2328"]
[PlyCount "71"]
[EventDate "2017.??.??"]
[EventType "tourn (corr)"]
[EventRounds "10"]

1. d4 Nf6 2. c4 g6 3. Nc3 Bg7 4. e4 O-O 5. Nf3 d6 6. Be2 e5 7. O-O Nc6 8. d5
Ne7 9. Ne1 Nd7 10. Be3 f5 11. f3 f4 12. Bf2 g5 13. Rc1 Rf6 14. c5 Rh6 15. cxd6
cxd6 16. Nb5 Qe8 17. g4 fxg3 18. Bxg3 Qg6 19. Nc7 Rb8 20. Qa4 a6 21. Qb4 Bf8
22. Ne6 Nc5 23. Nxc5 dxc5 24. Qc3 Qh5 25. Qxe5 Ra8 26. d6 Bg7 27. Qxe7 Bd4+ 28.
Kh1 Qh3 29. Qe8+ Kg7 30. Be5+ Bxe5 31. Qxe5+ Kg6 32. Rg1 Rh5 33. Rxc5 h6 34.
Qe8+ Kf6 35. e5+ Kf5 36. Qf7# 1-0

[Event "September Lviv Tradition (IM-group B)"]
[Site "Lviv"]
[Date "2017.09.30"]
[Round "8.4"]
[White "Frolov, Artur"]
[Black "Kagramanianz, Vartan"]
[Result "1/2-1/2"]
[WhiteElo "2405"]
[BlackElo "2269"]
[PlyCount "81"]
[EventDate "2017.??.??"]
[EventType "tourn (corr)"]
[EventRounds "10"]

1. e4 c5 2. Nf3 d6 3. d4 cxd4 4. Nxd4 Nf6 5. Nc3 a6 6. Be3 e6 7. f3 b5 8. g4 h6
9. Qd2 b4 10. Na4 Nbd7 11. O-O-O Ne5 12. Qxb4 Bd7 13. Bf4 g5 14. Bd2 Be7 15.
Qb3 Rb8 16. Ba5 Rxb3 17. Bxd8 Rb8 18. Bxe7 Kxe7 19. Nc3 h5 20. gxh5 a5 21. Rg1
Rbg8 22. Rd2 Nxh5 23. b3 Nf4 24. a4 f6 25. Bb5 Rh4 26. Nd1 Rgh8 27. Rh1 Rh3 28.
Ne3 Nxf3 29. Nxf3 Rxf3 30. Nc4 Bxb5 31. axb5 Rb8 32. Rxd6 Rxb5 33. Ra6 Rb7 34.
Kb2 Rf2 35. h4 Nd3+ 36. Kb1 Nb4 37. hxg5 Nxa6 38. Rh7+ Kf8 39. Rxb7 fxg5 40.
Rb6 Nb4 41. Rxe6 1/2-1/2

[Event "September Lviv Tradition (IM-group B)"]
[Site "Lviv"]
[Date "2017.09.30"]
[Round "8.5"]
[White "Shkuran, Danylo"]
[Black "Lagashin, Pavel"]
[Result "1-0"]
[WhiteElo "2418"]
[BlackElo "2138"]
[PlyCount "55"]
[EventDate "2017.??.??"]
[EventType "tourn (corr)"]
[EventRounds "10"]

1. e4 c5 2. Nf3 Nc6 3. Nc3 e6 4. d4 cxd4 5. Nxd4 Qc7 6. g3 a6 7. Bg2 Be7 8. O-O
Nf6 9. Nb3 O-O 10. f4 d6 11. g4 b5 12. g5 Nd7 13. a3 Bb7 14. Qg4 Qb6+ 15. Kh1
a5 16. Rf3 a4 17. Be3 Qa6 18. Nd4 Nxd4 19. Bxd4 e5 20. Bg1 Nb6 21. Rh3 g6 22.
f5 d5 23. fxg6 Nc4 24. gxf7+ Rxf7 25. Rh6 Qa5 26. g6 Rg7 27. Rxh7 Qa6 28. Qh5
1-0

[Event "September Lviv Tradition (IM-group B)"]
[Site "Lviv"]
[Date "2017.10.01"]
[Round "9.1"]
[White "Lagashin, Pavel"]
[Black "Mosesov, Danylo"]
[Result "1/2-1/2"]
[WhiteElo "2138"]
[BlackElo "2040"]
[Annotator ",Àäìèíèñòðàòîð"]
[PlyCount "82"]
[EventDate "2017.??.??"]
[EventType "tourn (corr)"]
[EventRounds "10"]

1. d4 Nf6 2. c4 e6 3. Nc3 Bb4 4. e3 b6 5. Bd3 Bb7 6. Nge2 O-O 7. O-O d5 8. cxd5
exd5 9. Ng3 Re8 10. a3 Bf8 11. b4 c5 12. bxc5 bxc5 13. Rb1 Bc6 14. dxc5 Nbd7
15. Bb5 Bxb5 16. Nxb5 Nxc5 17. Bb2 Nfe4 18. Nh5 Re6 19. Nf4 Rb6 20. Nd4 Rab8
21. Qc2 Rc8 22. Rbc1 Qd7 23. f3 Qb7 24. Ba1 Nf6 25. h4 Re8 26. Rfe1 Ncd7 27. a4
Ne5 28. a5 Rb4 29. Qf5 Rc4 30. Rb1 Qa6 31. h5 g6 32. hxg6 hxg6 33. Qg5 Bg7 34.
Nb5 Rc5 35. Bxe5 Nh7 36. Qg4 Bxe5 37. Qd7 Nf6 38. Qxa7 Qxa7 39. Nxa7 Bxf4 40.
exf4 Rxe1+ 41. Rxe1 Rxa5 $11 1/2-1/2

[Event "September Lviv Tradition (IM-group B)"]
[Site "Lviv"]
[Date "2017.10.01"]
[Round "9.2"]
[White "Kagramanianz, Vartan"]
[Black "Shkuran, Danylo"]
[Result "1/2-1/2"]
[WhiteElo "2269"]
[BlackElo "2418"]
[PlyCount "66"]
[EventDate "2017.??.??"]
[EventType "tourn (corr)"]
[EventRounds "10"]

1. Nf3 f5 2. g3 Nf6 3. Bg2 g6 4. O-O Bg7 5. c4 O-O 6. Nc3 c5 7. d4 Na6 8. d5 d6
9. Rb1 Bd7 10. a3 Rb8 11. Re1 Nc7 12. Bd2 b5 13. cxb5 Nxb5 14. Nxb5 Rxb5 15.
Bc3 Ne4 16. Bxg7 Kxg7 17. Nd2 Nxd2 18. Qxd2 Qa5 19. Qc1 Rb3 20. e4 Qa4 21. e5
Bb5 22. exd6 exd6 23. Re7+ Rf7 24. Rxf7+ Kxf7 25. Qh6 Kg8 26. Qg5 Be8 27. Qd8
Qd7 28. Qf6 Bf7 29. Re1 Rb7 30. h4 Qc7 31. h5 Qb8 32. Bf3 Qf8 33. Kg2 a5
1/2-1/2

[Event "September Lviv Tradition (IM-group B)"]
[Site "Lviv"]
[Date "2017.10.01"]
[Round "9.3"]
[White "Bogdanov, Egor"]
[Black "Frolov, Artur"]
[Result "1/2-1/2"]
[WhiteElo "2328"]
[BlackElo "2405"]
[PlyCount "60"]
[EventDate "2017.??.??"]
[EventType "tourn (corr)"]
[EventRounds "10"]

1. e4 e6 2. d4 d5 3. exd5 exd5 4. Nf3 c6 5. Bf4 Bd6 6. Bxd6 Qxd6 7. c3 Bf5 8.
Bd3 Bxd3 9. Qxd3 Ne7 10. O-O O-O 11. Ne5 Nd7 12. Nxd7 Qxd7 13. Nd2 Rfe8 14.
Rfe1 Qf5 15. Qxf5 Nxf5 16. Kf1 Kf8 17. Rxe8+ Rxe8 18. Re1 Rxe1+ 19. Kxe1 Ke7
20. Ke2 a5 21. Nf1 Ke6 22. Ne3 Nxe3 23. Kxe3 Kf5 24. Kf3 h5 25. h3 g5 26. g4+
hxg4+ 27. hxg4+ Ke6 28. Ke3 f5 29. f3 f4+ 30. Kd3 b5 1/2-1/2

[Event "September Lviv Tradition (IM-group B)"]
[Site "Lviv"]
[Date "2017.10.01"]
[Round "9.4"]
[White "Polulikh, Bogdan"]
[Black "Belunek, Vladimir"]
[Result "1/2-1/2"]
[WhiteElo "2165"]
[BlackElo "2213"]
[Annotator ",Àäìèíèñòðàòîð"]
[PlyCount "64"]
[EventDate "2017.??.??"]
[EventType "tourn (corr)"]
[EventRounds "10"]

1. d4 Nf6 2. c4 e6 3. Nc3 d5 4. Bf4 Be7 5. e3 O-O 6. a3 c6 7. Bd3 dxc4 8. Bxc4
Nd5 9. Bg3 Nxc3 10. bxc3 Qa5 11. Ne2 b6 12. O-O Ba6 13. Bxa6 Qxa6 14. Nf4 Nd7
15. Qb3 Nf6 16. Rfe1 Nd5 17. e4 Nxf4 18. Bxf4 Rfd8 19. a4 Rd7 20. Be3 Rad8 21.
h3 h6 22. Red1 c5 23. dxc5 Bxc5 24. Rxd7 Rxd7 25. Bxc5 bxc5 26. Qb5 Qd6 27. a5
Rc7 28. a6 Qe5 29. Rd1 Kh7 30. Rd7 Rxd7 31. Qxd7 Qxc3 32. Kh2 Qe5+ $11 1/2-1/2

[Event "September Lviv Tradition (IM-group B)"]
[Site "Lviv"]
[Date "2017.10.01"]
[Round "9.5"]
[White "Punin, Andrii"]
[Black "Tokranovs, Dmitrijs"]
[Result "1/2-1/2"]
[WhiteElo "2252"]
[BlackElo "2334"]
[Annotator ",Àäìèíèñòðàòîð"]
[PlyCount "80"]
[EventDate "2017.??.??"]
[EventType "tourn (corr)"]
[EventRounds "10"]

1. c4 Nf6 2. Nc3 e6 3. d4 d5 4. cxd5 exd5 5. Bg5 Be7 6. e3 c6 7. Bd3 Nbd7 8.
Qc2 O-O 9. Nge2 Re8 10. O-O h6 11. Bh4 Ne4 12. Bxe7 Qxe7 13. Rae1 Ndf6 14. f3
Nxc3 15. Nxc3 Be6 16. Qf2 Rad8 17. h3 c5 18. dxc5 Qxc5 19. Ne2 Re7 20. Nd4 a6
21. Re2 Rde8 22. Rfe1 Bd7 23. a3 Re5 24. g4 b5 25. Bf5 b4 26. axb4 Qd6 27. Bxd7
Nxd7 28. b5 axb5 29. Nxb5 Qb6 30. Nd4 Nc5 31. Rd1 Nb3 32. Nf5 g6 33. Ng3 Rxe3
34. Rxe3 Qxe3 35. Qxe3 Rxe3 36. Kf2 Re6 37. Rxd5 Rc6 38. Rb5 Rc2+ 39. Ke3 Rxb2
40. Rb8+ Kg7 $11 1/2-1/2